[Event "BL 0809 TV Tegernsee - Bayern München"]
[Site "Tegernsee"]
[Date "2008.12.12"]
[Round "7"]
[White "Jorczik, Julian"]
[Black "Volokitin, Andrei"]
[Result "1/2-1/2"]
[WhiteElo "2382"]
[BlackElo "2659"]
[PlyCount "90"]
[EventDate "2008.??.??"]

1. d4 Nf6 2. c4 e6 3. Nf3 c5 4. d5 d6 5. Nc3 exd5 6. cxd5 g6 7. h3 a6 8. a4 Qe7
9. Bf4 Nh5 10. Bh2 f5 11. e3 f4 12. Qe2 Bh6 13. exf4 Nxf4 14. Qxe7+ Kxe7 15. h4
Rf8 16. Ng5 Nd7 17. g3 Bxg5 18. hxg5 Nh5 19. f4 h6 20. Bd3 hxg5 21. Bxg6 Nhf6
22. O-O-O Ng4 23. Rde1+ Kd8 24. Ne4 gxf4 25. gxf4 Nxh2 26. Rxh2 Rxf4 27. Nxd6
Kc7 28. Ne8+ Kb6 29. d6 Rb8 30. Nc7 Rd4 31. Rd2 Rxd2 32. Kxd2 Nf8 33. Be4 Bd7
34. b3 Rd8 35. Kc3 Ne6 36. Nxe6 Bxe6 37. Bxb7 Rxd6 38. Be4 Bf7 39. Rf1 Be8 40.
Bd3 Bc6 41. a5+ Kxa5 42. Ra1+ Kb6 43. Rxa6+ Kc7 44. Ra7+ Kb6 45. Ra6+ Kc7
1/2-1/2

[Event "BL 0809 TV Tegernsee - Bayern München"]
[Site "Tegernsee"]
[Date "2008.12.12"]
[Round "7"]
[White "Khenkin, Igor"]
[Black "Reiss, Tibor"]
[Result "1-0"]
[WhiteElo "2647"]
[BlackElo "2403"]
[PlyCount "133"]
[EventDate "2008.??.??"]

1. d4 d5 2. c4 c6 3. Nf3 Nf6 4. Qb3 dxc4 5. Qxc4 Bf5 6. g3 e6 7. Bg2 Nbd7 8.
O-O Be7 9. Nc3 O-O 10. Re1 Ne4 11. Qb3 Qb6 12. Nh4 Bxh4 13. gxh4 Nxc3 14. Qxc3
Rfe8 15. Bf4 Rac8 16. a4 Qd8 17. Bg3 Nf6 18. e4 Bg6 19. a5 Re7 20. a6 b6 21.
Ra4 b5 22. Rb4 Qb6 23. Qc5 Qxc5 24. dxc5 e5 25. Rd1 Nd7 26. Bh3 Rc7 27. Rbd4 f5
28. exf5 Bh5 29. Re1 Kf7 30. Rd6 Nxc5 31. Bxe5 Rcd7 32. Rxd7 Nxd7 33. f4 Bf3
34. Kf2 Bd5 35. Bg4 Nc5 36. Bh5+ Kg8 37. Re3 Ne4+ 38. Ke2 Nc5 39. Kf2 Ne4+ 40.
Ke2 Nc5 41. Bd6 Bc4+ 42. Kf2 Rxe3 43. Kxe3 Nxa6 44. Bf3 c5 45. Bb7 Nb4 46. Bxc5
Nd5+ 47. Kd4 Nxf4 48. Bxa7 Ne2+ 49. Ke3 Nc1 50. Kd2 Na2 51. Bc5 b4 52. Ke3 Kf7
53. h5 Kf6 54. Ke4 Nc1 55. Bxb4 Bd3+ 56. Kf4 g5+ 57. hxg6 hxg6 58. Bc3+ Ke7 59.
f6+ Kf8 60. Bb4+ Kf7 61. Kg5 Bc4 62. Be4 Nd3 63. Bxg6+ Kg8 64. f7+ Bxf7 65.
Bxd3 Bd5 66. Kf6 Bb3 67. Bd6 1-0

[Event "BL 0809 TV Tegernsee - Bayern München"]
[Site "Tegernsee"]
[Date "2008.12.12"]
[Round "7"]
[White "Renner, Christoph"]
[Black "Sokolov, Andrei"]
[Result "1/2-1/2"]
[WhiteElo "2422"]
[BlackElo "2559"]
[PlyCount "97"]
[EventDate "2008.??.??"]

1. e4 c5 2. Nc3 e6 3. g3 Nc6 4. Bg2 g6 5. d3 d6 6. Be3 Bg7 7. Qd2 Nd4 8. Nf3
Ne7 9. O-O Nec6 10. Ne1 O-O 11. Bh6 Bxh6 12. Qxh6 f5 13. exf5 gxf5 14. Nd1 Ne5
15. c3 Ndc6 16. Qd2 f4 17. d4 Ng6 18. dxc5 dxc5 19. Qxd8 Rxd8 20. Bxc6 bxc6 21.
c4 e5 22. f3 Bf5 23. Nc3 Rd2 24. b3 h5 25. Rd1 Rxd1 26. Nxd1 Rd8 27. Nc3 Nf8
28. gxf4 exf4 29. Ng2 Ne6 30. Rd1 Rxd1+ 31. Nxd1 Kf7 32. Kf2 Kf6 33. Nc3 Ke5
34. Ne2 Bb1 35. Nc3 Bf5 36. Nh4 Bh7 37. Ke2 Nd4+ 38. Kf2 Ne6 39. Ke2 Nd4+ 40.
Kf2 Bd3 41. Ng2 Ne6 42. Ke1 Nd4 43. Kf2 a5 44. Ne1 Bh7 45. h4 Bf5 46. Na4 Kd6
47. Nc3 Ke5 48. Na4 Kd6 49. Nc3 1/2-1/2

[Event "BL 0809 TV Tegernsee - Bayern München"]
[Site "Tegernsee"]
[Date "2008.12.12"]
[Round "7"]
[White "Bischoff, Klaus"]
[Black "Meissner, Bernd"]
[Result "0-1"]
[WhiteElo "2545"]
[BlackElo "2418"]
[PlyCount "102"]
[EventDate "2008.??.??"]

1. d4 Nf6 2. c4 c5 3. Nf3 g6 4. Nc3 Bg7 5. d5 O-O 6. e4 d6 7. h3 Na6 8. Bd3 Nc7
9. O-O Rb8 10. Re1 e5 11. Nh2 Nh5 12. Bf1 Bd7 13. a4 Be8 14. g3 f5 15. exf5
gxf5 16. Be2 Nf6 17. Nf3 a6 18. Nh4 Bd7 19. a5 Kh8 20. Kh2 b6 21. axb6 Rxb6 22.
Qc2 Ng8 23. f4 Ne7 24. fxe5 Bxe5 25. Nf3 Bf6 26. b3 Rg8 27. Bb2 Qf8 28. Nb1 Ne8
29. Nbd2 Qh6 30. Bd3 Rg7 31. Kg2 Ng6 32. Kf2 Bxb2 33. Qxb2 Qxh3 34. Rh1 Qg4 35.
Rae1 Kg8 36. Qc3 Ne5 37. Reg1 Nxd3+ 38. Qxd3 Nf6 39. Rh4 Qg6 40. Ke1 Re7+ 41.
Kd1 Ng4 42. Qc3 Rb8 43. Kc1 Re3 44. Qa5 Qg7 45. Re1 Rxe1+ 46. Nxe1 Re8 47. Nef3
Nf2 48. Kc2 f4 49. Rxf4 Qg6+ 50. Kb2 Nd3+ 51. Ka2 Nb4+ 0-1

[Event "BL 0809 TV Tegernsee - Bayern München"]
[Site "Tegernsee"]
[Date "2008.12.12"]
[Round "7"]
[White "Reich, Thomas"]
[Black "Bönsch, Uwe"]
[Result "0-1"]
[WhiteElo "2404"]
[BlackElo "2523"]
[PlyCount "68"]
[EventDate "2008.??.??"]

1. d4 d5 2. c4 e6 3. cxd5 exd5 4. Nc3 c6 5. Nf3 Bd6 6. Bg5 Ne7 7. e3 Qb6 8. Qc2
Na6 9. a3 Bf5 10. Bd3 Bxd3 11. Qxd3 f6 12. Bf4 Bxf4 13. exf4 O-O 14. O-O Rfe8
15. Rfe1 Qc7 16. g3 Qd7 17. Nh4 Nc7 18. Re3 Nc8 19. Nf5 g6 20. Rxe8+ Nxe8 21.
Ne3 Ncd6 22. Kg2 Ng7 23. Re1 Re8 24. Re2 Kf7 25. h3 Ngf5 26. a4 a5 27. b3 Ng7
28. Rb2 Qd8 29. Ne2 Qb6 30. Ng1 Re4 31. Nf3 Ne6 32. Re2 Nxd4 33. Nxd4 Qxd4 34.
Qc2 Re7 0-1

[Event "BL 0809 TV Tegernsee - Bayern München"]
[Site "Tegernsee"]
[Date "2008.12.12"]
[Round "7"]
[White "Teske, Henrik"]
[Black "Meister, Peter"]
[Result "1-0"]
[WhiteElo "2513"]
[BlackElo "2388"]
[PlyCount "79"]
[EventDate "2008.??.??"]

1. d4 e6 2. Nf3 f5 3. Bf4 Nf6 4. e3 b6 5. Nbd2 Bb7 6. Bd3 Be7 7. h3 O-O 8. Qe2
Ne4 9. O-O-O a5 10. g4 a4 11. gxf5 exf5 12. a3 Nxd2 13. Rxd2 Ba6 14. Rg1 Bxd3
15. Qxd3 d6 16. Bg5 Kh8 17. e4 Ra5 18. d5 h6 19. Be3 Nd7 20. exf5 Bf6 21. Rg4
Ne5 22. Nxe5 Bxe5 23. Rc4 Ra7 24. f4 Bf6 25. Re4 Qd7 26. Re6 Qf7 27. Rg2 Ra5
28. Bd2 Raa8 29. Rg6 Kh7 30. Qf3 Bd4 31. Qe4 Bf6 32. Rgxf6 gxf6 33. Re7 Kh8 34.
Rxf7 Rxf7 35. Bc3 Kg8 36. Qg2+ Rg7 37. Qe2 Kf8 38. Bxf6 Rg1+ 39. Kd2 Re8 40.
Qf2 1-0

[Event "BL 0809 TV Tegernsee - Bayern München"]
[Site "Tegernsee"]
[Date "2008.12.12"]
[Round "7"]
[White "Deglmann, Ludwig"]
[Black "Kindermann, Stefan"]
[Result "0-1"]
[WhiteElo "2342"]
[BlackElo "2517"]
[PlyCount "118"]
[EventDate "2008.??.??"]

1. c4 e5 2. g3 d6 3. Bg2 f5 4. Nc3 Nf6 5. d3 Be7 6. e3 O-O 7. Nge2 c6 8. d4 Na6
9. O-O e4 10. f3 exf3 11. Bxf3 Nc7 12. d5 c5 13. Nf4 Ng4 14. e4 Ne5 15. Be2
fxe4 16. Nxe4 Bf5 17. Nf2 Bf6 18. Bd2 Ng6 19. Nxg6 Bxg6 20. Bc3 Bxc3 21. bxc3
Qg5 22. Qc1 Qe5 23. Qd2 Rae8 24. Bg4 Qe3 25. Qxe3 Rxe3 26. Rae1 Rxe1 27. Rxe1
Re8 28. Kf1 Kf8 29. Rxe8+ Kxe8 30. Ke2 Bb1 31. a4 Ba2 32. Kd3 Na8 33. a5 b6 34.
a6 Kd8 35. Be2 Bb1+ 36. Ke3 Nc7 37. Nh3 Nxa6 38. Nf4 Ke7 39. Ne6 g6 40. g4 Nb8
41. Ng5 h6 42. Nf3 g5 43. Bd1 Nd7 44. Nd2 Bg6 45. h3 Ne5 46. Ba4 a6 47. Bb3 Bd3
48. Kf2 Kf6 49. Ke3 Bg6 50. Ba4 Bd3 51. Bb3 a5 52. Kf2 Bg6 53. Ke3 Be8 54. Ne4+
Ke7 55. Nd2 a4 56. Ba2 Bg6 57. Nf1 Nd3 58. Nd2 Nc1 59. Bb1 a3 0-1

[Event "BL 0809 TV Tegernsee - Bayern München"]
[Site "Tegernsee"]
[Date "2008.12.12"]
[Round "7"]
[White "Beim, Valery"]
[Black "Lentrodt, Thomas"]
[Result "1/2-1/2"]
[WhiteElo "2506"]
[BlackElo "2301"]
[PlyCount "144"]
[EventDate "2008.??.??"]

1. d4 Nf6 2. c4 e6 3. Nf3 Bb4+ 4. Nbd2 O-O 5. Qc2 d5 6. e3 b6 7. a3 Be7 8. Be2
Nbd7 9. O-O Bb7 10. b4 c5 11. cxd5 exd5 12. bxc5 bxc5 13. Rb1 Bc6 14. dxc5 Nxc5
15. Bb2 Ba4 16. Qf5 Bd7 17. Qc2 Ba4 18. Qc3 Rc8 19. Rfc1 Bd7 20. Qe5 Re8 21.
Qd4 Na4 22. Rxc8 Qxc8 23. Ba1 Bxa3 24. Qxa7 Bc5 25. Qa5 Qa8 26. Qxa8 Rxa8 27.
Bxf6 gxf6 28. Bd3 Bf8 29. Nd4 Nc5 30. Bb5 Be6 31. h3 Ra2 32. Rd1 Na4 33. Bxa4
Rxa4 34. Rc1 Ra8 35. N2f3 Bd6 36. Nh4 Rc8 37. Rd1 Ba3 38. Rd3 Bd6 39. g4 Bb4
40. Rb3 Rc4 41. Nhf5 Kf8 42. Rb1 Ke8 43. Kg2 Kd7 44. Kg3 Kc7 45. Nb5+ Kc6 46.
Nbd4+ Kd7 47. Ra1 Rc7 48. Ra6 Bc5 49. Kh4 Bf8 50. Ra8 Rc8 51. Ra7+ Rc7 52. Ra6
Rc1 53. Kg3 Rc8 54. Kf3 Rc1 55. Ng3 Bd6 56. Nb5 Be5 57. Ra3 Kc6 58. Nd4+ Bxd4
59. exd4 Rd1 60. Ke3 Kb7 61. Rd3 Rg1 62. Ke2 Rb1 63. Nh5 f5 64. g5 Rg1 65. Rg3
Rh1 66. Nf4 Kc6 67. Rc3+ Kd6 68. Re3 Rg1 69. Rg3 Ra1 70. h4 Bd7 71. Rb3 Rh1 72.
h5 Rh4 1/2-1/2

[Event "BL 0809 SC Eppingen - SC Kreuzberg"]
[Site "Bundesliga"]
[Date "2008.12.13"]
[Round "8"]
[White "Braun, Arik"]
[Black "Luther, Thomas"]
[Result "0-1"]
[WhiteElo "2567"]
[BlackElo "2532"]
[PlyCount "68"]
[EventDate "2008.??.??"]

1. d4 d5 2. c4 dxc4 3. Nf3 Nf6 4. e3 Be6 5. Na3 c5 6. Nxc4 Nc6 7. Qb3 Bd5 8.
dxc5 e6 9. Nd4 Bxc5 10. Nxc6 bxc6 11. f3 O-O 12. Qc2 Rb8 13. b3 e5 14. Be2 e4
15. f4 Bxc4 16. bxc4 Ng4 17. Bxg4 Qh4+ 18. g3 Qxg4 19. O-O f5 20. Rf2 Rfd8 21.
Bd2 h5 22. Kh1 Rd3 23. Re1 Rbd8 24. Qb2 Kh7 25. Ree2 R8d7 26. Re1 a6 27. Ree2
Bxe3 28. Bxe3 Rd1+ 29. Kg2 h4 30. Rf1 h3+ 31. Kg1 Rxf1+ 32. Kxf1 Qf3+ 33. Ke1
Qh1+ 34. Kf2 Rd1 0-1

[Event "BL 0809 SC Eppingen - SC Kreuzberg"]
[Site "Bundesliga"]
[Date "2008.12.13"]
[Round "8"]
[White "Shengelia, Davit"]
[Black "Berkes, Ferenc"]
[Result "0-1"]
[WhiteElo "2547"]
[BlackElo "2645"]
[PlyCount "60"]
[EventDate "2008.??.??"]

1. d4 Nf6 2. Nf3 d5 3. e3 g6 4. c4 Bg7 5. cxd5 O-O 6. Be2 Nxd5 7. e4 Nb6 8. O-O
c5 9. d5 e6 10. d6 Nc6 11. Bg5 Bf6 12. Bxf6 Qxf6 13. Qc1 e5 14. Qxc5 Rd8 15.
Rd1 Bg4 16. Nc3 Bxf3 17. Bxf3 Nd4 18. Bg4 h5 19. Bh3 Rxd6 20. Qc7 Rad8 21. Rf1
g5 22. f3 Qf4 23. Qxb7 Nc2 24. Rac1 Ne3 25. Ne2 Qf6 26. Rfe1 g4 27. Ng3 Qg5 28.
fxg4 hxg4 29. Nf1 Nxf1 30. Rxf1 R6d7 0-1

[Event "BL 0809 SC Eppingen - SC Kreuzberg"]
[Site "Bundesliga"]
[Date "2008.12.13"]
[Round "8"]
[White "Balogh, Csaba"]
[Black "Figura, Atila"]
[Result "1-0"]
[WhiteElo "2616"]
[BlackElo "2412"]
[PlyCount "75"]
[EventDate "2008.??.??"]

1. e4 c5 2. Nf3 d6 3. Nc3 Nf6 4. d4 cxd4 5. Qxd4 Nc6 6. Bb5 Bd7 7. Bxc6 Bxc6 8.
Bg5 e6 9. O-O-O Be7 10. Qd3 O-O 11. Nd4 Bd7 12. f3 Qa5 13. h4 Rab8 14. Nb3 Qd8
15. e5 Ne8 16. Bxe7 Qxe7 17. exd6 Qd8 18. g4 b5 19. Ne4 Rb6 20. Nbc5 Bc6 21.
Qa3 Bd5 22. d7 Nc7 23. Qxa7 Rc6 24. a3 Na8 25. b4 Nb6 26. Rd3 Qe7 27. Nc3 Rd8
28. Kb1 h5 29. g5 Rxc5 30. Qxb6 Rc4 31. Qxb5 Rxd7 32. Nxd5 exd5 33. Rxd5 Rdc7
34. Rhd1 Qe2 35. R5d2 Qxf3 36. g6 fxg6 37. Rd8+ Kh7 38. Qe8 1-0

[Event "BL 0809 SC Eppingen - SC Kreuzberg"]
[Site "Bundesliga"]
[Date "2008.12.13"]
[Round "8"]
[White "Berger, Steve"]
[Black "Medvegy, Zoltan"]
[Result "1/2-1/2"]
[WhiteElo "2413"]
[BlackElo "2556"]
[PlyCount "51"]
[EventDate "2008.??.??"]

1. e4 c6 2. Nf3 d5 3. exd5 cxd5 4. Ne5 Nc6 5. Bb5 Bd7 6. Nxd7 Qxd7 7. O-O g6 8.
d4 Bg7 9. c3 Nf6 10. Re1 O-O 11. Nd2 Ne8 12. Nb3 Nd6 13. Nc5 Qc7 14. Bxc6 bxc6
15. Bf4 Rfe8 16. Qe2 Bf6 17. Qf3 Rad8 18. Re2 Qc8 19. Bxd6 Rxd6 20. Rae1 Rdd8
21. b4 Qc7 22. a4 Kg7 23. a5 h5 24. Qg3 Qxg3 25. hxg3 e6 26. Nd3 1/2-1/2

[Event "BL 0809 SC Eppingen - SC Kreuzberg"]
[Site "Bundesliga"]
[Date "2008.12.13"]
[Round "8"]
[White "Acs, Peter"]
[Black "Kalinitschew, Segei"]
[Result "1-0"]
[WhiteElo "2542"]
[BlackElo "2492"]
[PlyCount "111"]
[EventDate "2008.??.??"]

1. e4 c5 2. Nf3 Nc6 3. c3 Nf6 4. e5 Nd5 5. d4 cxd4 6. cxd4 d6 7. Bc4 Nb6 8. Bb5
dxe5 9. Nxe5 Bd7 10. Nxd7 Qxd7 11. Nc3 Rd8 12. Be3 g6 13. Qb3 Bg7 14. O-O O-O
15. Rfd1 e6 16. d5 Nxd5 17. Nxd5 exd5 18. Bxa7 d4 19. Bb6 Rc8 20. a4 Be5 21.
Rac1 Rfe8 22. g3 h5 23. Qf3 Re6 24. Rc5 Rce8 25. a5 Bc7 26. Bxc6 bxc6 27. Bxc7
Qxc7 28. Rxd4 Re1+ 29. Kg2 Ra1 30. b4 Ree1 31. Rxc6 Qe7 32. Qf6 Qxf6 33. Rxf6
g5 34. g4 hxg4 35. Rxg4 Kg7 36. Rf3 Kg6 37. Rfg3 f6 38. h4 Rg1+ 39. Kf3 Ra3+
40. Ke2 Ra2+ 41. Kd3 Rd1+ 42. Kc4 Rxf2 43. hxg5 f5 44. Rh4 f4 45. Rh6+ Kf5 46.
Rf6+ Ke5 47. Rd3 Rc2+ 48. Kb3 Rxd3+ 49. Kxc2 Rg3 50. a6 Rxg5 51. Rf8 Rg2+ 52.
Kb3 Rg7 53. b5 Ra7 54. Kc4 Ke4 55. Kc5 f3 56. Kb6 1-0

[Event "BL 0809 OSG Baden Baden - USV Dresden"]
[Site "Bundesliga"]
[Date "2008.12.13"]
[Round "8"]
[White "Maiwald, Jens-Uwe"]
[Black "Carlsen, Magnus"]
[Result "0-1"]
[WhiteElo "2508"]
[BlackElo "2786"]
[PlyCount "76"]
[EventDate "2008.??.??"]

1. d4 e6 2. c4 Bb4+ 3. Bd2 Bxd2+ 4. Qxd2 f5 5. g3 Nf6 6. Bg2 O-O 7. Nf3 d6 8.
O-O Qe7 9. Nc3 c6 10. Rad1 d5 11. Qc2 Nbd7 12. Rfe1 Ne4 13. e3 Nd6 14. c5 Nf7
15. b4 e5 16. dxe5 Nfxe5 17. Nd4 Nf6 18. Na4 Kh8 19. Qb3 Bd7 20. a3 Rae8 21.
Nb2 g5 22. f4 Ng6 23. Nd3 gxf4 24. exf4 Ne4 25. Nf3 Qf6 26. Nde5 Nxe5 27. Nxe5
Bc8 28. Qe3 h5 29. Qd4 Kh7 30. Re3 h4 31. gxh4 Rg8 32. Nf3 Qxd4 33. Rxd4 Rg4
34. Ng5+ Kg6 35. Nh3 Kf6 36. Rf3 Reg8 37. Ng5 Rxh4 38. h3 Rh5 0-1

[Event "BL 0809 OSG Baden Baden - USV Dresden"]
[Site "Bundesliga"]
[Date "2008.12.13"]
[Round "8"]
[White "Shirov, Alexei"]
[Black "Gauglitz, Gernot"]
[Result "1-0"]
[WhiteElo "2726"]
[BlackElo "2397"]
[PlyCount "81"]
[EventDate "2008.??.??"]

1. d4 Nf6 2. c4 g6 3. Nc3 d5 4. cxd5 Nxd5 5. Bd2 Bg7 6. e4 Nxc3 7. Bxc3 c5 8.
d5 Bxc3+ 9. bxc3 O-O 10. Nf3 Bg4 11. h3 Bxf3 12. Qxf3 e5 13. dxe6 fxe6 14. Qg3
Nc6 15. Rd1 Qe7 16. Bb5 Rad8 17. Bxc6 Rxd1+ 18. Kxd1 bxc6 19. Ke2 Qb7 20. Rd1
Qa6+ 21. Qd3 Qxa2+ 22. Rd2 Qb3 23. c4 Qb4 24. h4 Kh8 25. f3 a5 26. Qd6 Qxc4+
27. Kf2 Kg8 28. h5 Qc3 29. Qxe6+ Kh8 30. Qd6 Qg7 31. hxg6 Rg8 32. Qxc5 Qxg6 33.
g4 Qf6 34. Rd6 Qb2+ 35. Kg3 a4 36. Rxc6 a3 37. Ra6 a2 38. Qa5 Qb8+ 39. Kh3 Rc8
40. Qxa2 Qf4 41. Qb2+ 1-0

[Event "BL 0809 OSG Baden Baden - USV Dresden"]
[Site "Bundesliga"]
[Date "2008.12.13"]
[Round "8"]
[White "Naiditsch, Arkadij"]
[Black "Eichner, Sebastian"]
[Result "1-0"]
[WhiteElo "2678"]
[BlackElo "2326"]
[PlyCount "67"]
[EventDate "2008.??.??"]

1. e4 e6 2. d4 d5 3. Nd2 Nf6 4. e5 Nfd7 5. Bd3 c5 6. c3 b5 7. dxc5 Bxc5 8. Nb3
Qb6 9. Nxc5 Nxc5 10. Bc2 b4 11. Qg4 bxc3 12. bxc3 g6 13. Ne2 Nbd7 14. O-O Nxe5
15. Qg3 f6 16. Ba3 Ba6 17. Rab1 Qc7 18. Rfe1 Kf7 19. Nf4 Rhe8 20. Nxg6 hxg6 21.
Bxg6+ Ke7 22. Bxe8 Rxe8 23. c4 Kf7 24. cxd5 exd5 25. Qh3 Rg8 26. Qh5+ Kg7 27.
Re3 Ne4 28. Rbb3 Qc4 29. Rg3+ Ng5 30. h4 Rh8 31. Rxg5+ fxg5 32. Qxg5+ Ng6 33.
h5 Rh6 34. Bf8+ 1-0

[Event "BL 0809 OSG Baden Baden - USV Dresden"]
[Site "Bundesliga"]
[Date "2008.12.13"]
[Round "8"]
[White "Loxine, Jakov"]
[Black "Nielsen, Peter Heine"]
[Result "1/2-1/2"]
[WhiteElo "2338"]
[BlackElo "2662"]
[PlyCount "73"]
[EventDate "2008.??.??"]

1. Nf3 d5 2. d4 Nf6 3. c4 c6 4. e3 Bf5 5. Nc3 e6 6. Nh4 Be4 7. f3 Bg6 8. Nxg6
hxg6 9. Bd2 Qc7 10. f4 Nbd7 11. Rc1 Bb4 12. Bd3 Nb6 13. c5 Nbd7 14. Nb1 a5 15.
a3 Bxd2+ 16. Nxd2 b6 17. cxb6 Qxb6 18. Qb3 Rb8 19. Qxb6 Rxb6 20. Ke2 Ke7 21. b3
Kd6 22. h3 Nh5 23. Kf2 f5 24. Rc3 c5 25. Nf3 cxd4 26. Nxd4 Nc5 27. Rhc1 Nxd3+
28. Rxd3 Nf6 29. a4 Ne4+ 30. Ke2 g5 31. Nb5+ Ke7 32. fxg5 Nxg5 33. Rc7+ Kf6 34.
Rdc3 Rhb8 35. Ra7 Rxb5 36. axb5 Rxb5 37. Ra6 1/2-1/2

[Event "BL 0809 OSG Baden Baden - USV Dresden"]
[Site "Bundesliga"]
[Date "2008.12.13"]
[Round "8"]
[White "Dautov, Rustem"]
[Black "Wegener, Olaf"]
[Result "1-0"]
[WhiteElo "2601"]
[BlackElo "2353"]
[PlyCount "63"]
[EventDate "2008.??.??"]

1. d4 Nf6 2. c4 g6 3. g3 c6 4. Nf3 Bg7 5. Bg2 d5 6. Qb3 O-O 7. Nc3 dxc4 8. Qxc4
Na6 9. O-O Be6 10. Qa4 Qb6 11. h3 Rfd8 12. e4 Ne8 13. Rd1 Nec7 14. Rb1 Qb4 15.
Qxb4 Nxb4 16. Bf4 Rac8 17. a3 Nba6 18. b4 Ne8 19. b5 Nac7 20. bxc6 bxc6 21. Ne5
Bxe5 22. Bxe5 Rb8 23. d5 cxd5 24. Rxb8 Rxb8 25. Nxd5 Bxd5 26. exd5 Rb5 27. Rc1
Nxd5 28. Rc8 Kf8 29. Rd8 f6 30. Bxd5 Rb1+ 31. Kg2 Rd1 32. Bc3 1-0

[Event "BL 0809 OSG Baden Baden - USV Dresden"]
[Site "Bundesliga"]
[Date "2008.12.13"]
[Round "8"]
[White "Graf, Felix"]
[Black "Schlosser, Philipp"]
[Result "0-1"]
[WhiteElo "2287"]
[BlackElo "2567"]
[PlyCount "56"]
[EventDate "2008.??.??"]

1. d4 Nf6 2. c4 e6 3. Nf3 b6 4. a3 Bb7 5. Nc3 d5 6. cxd5 Nxd5 7. Qc2 Nxc3 8.
bxc3 Be7 9. e4 O-O 10. Bd3 c5 11. O-O Qc7 12. Qe2 Nc6 13. Bb2 Rad8 14. Rad1 g6
15. Rfe1 Bf6 16. Qe3 Na5 17. Qh6 Bg7 18. Qh3 Nc6 19. Bb1 Rfe8 20. Qh4 Rd7 21.
Ba2 Qd8 22. d5 Ne5 23. Ng5 h6 24. dxe6 Rxd1 25. exf7+ Nxf7 26. Bxf7+ Kh8 27. f4
Rxe1+ 28. Qxe1 hxg5 0-1

[Event "BL 0809 OSG Baden Baden - USV Dresden"]
[Site "Bundesliga"]
[Date "2008.12.13"]
[Round "8"]
[White "Döttling, Fabian"]
[Black "Salzmann, Peter"]
[Result "1-0"]
[WhiteElo "2564"]
[BlackElo "2209"]
[PlyCount "61"]
[EventDate "2008.??.??"]

1. d4 d5 2. Nf3 Nf6 3. c4 c6 4. e3 g6 5. Nc3 Bg7 6. Be2 O-O 7. O-O Bg4 8. h3
Bxf3 9. Bxf3 dxc4 10. Qe2 Nbd7 11. Qxc4 e5 12. Rd1 exd4 13. exd4 Nb6 14. Qb3
Qd7 15. a4 Nbd5 16. a5 h6 17. Bd2 b5 18. Rac1 Rac8 19. Nxd5 Nxd5 20. Bg4 f5 21.
Bf3 Kh7 22. Bxd5 Qxd5 23. Qxd5 cxd5 24. Bb4 Rxc1 25. Rxc1 Rf7 26. Bc5 a6 27.
Re1 Rf6 28. Re5 g5 29. Rxd5 Kg6 30. Kf1 Re6 31. Rd7 1-0

[Event "BL 0809 SV Mülheim Nord - Hamburger SK"]
[Site "?"]
[Date "2008.12.13"]
[Round "8"]
[White "Gustafsson, Jan"]
[Black "Vachier-Lagrave, Maxime"]
[Result "1/2-1/2"]
[WhiteElo "2634"]
[BlackElo "2716"]
[PlyCount "38"]
[EventDate "2008.??.??"]

1. d4 Nf6 2. c4 g6 3. Nc3 d5 4. Nf3 Bg7 5. cxd5 Nxd5 6. e4 Nxc3 7. bxc3 c5 8.
Bb5+ Nc6 9. d5 a6 10. Be2 Bxc3+ 11. Bd2 Bxa1 12. Qxa1 Nd4 13. Nxd4 cxd4 14.
Qxd4 f6 15. h4 O-O 16. f4 h5 17. O-O Bg4 18. Bc4 Rc8 19. Bb3 Kh7 1/2-1/2

[Event "BL 0809 SV Mülheim Nord - Hamburger SK"]
[Site "?"]
[Date "2008.12.13"]
[Round "8"]
[White "Tregubov, Pavel"]
[Black "Kempinski, Robert"]
[Result "1/2-1/2"]
[WhiteElo "2646"]
[BlackElo "2595"]
[PlyCount "147"]
[EventDate "2008.??.??"]

1. d4 Nf6 2. c4 e6 3. Nf3 d5 4. Nc3 c6 5. g3 dxc4 6. Bg2 Nbd7 7. O-O Be7 8. e4
O-O 9. Bf4 Re8 10. a4 a5 11. Qe2 b6 12. Nd2 Ba6 13. Nxc4 Bb4 14. Na2 Nd5 15.
Bc1 Bf8 16. Qc2 Nb4 17. Nxb4 Bxb4 18. Rd1 Qe7 19. e5 Rac8 20. Bd2 Bxc4 21. Qxc4
Bxd2 22. Rxd2 Nb8 23. Rc1 Red8 24. Qb3 Qb7 25. Qc3 Qd7 26. b4 axb4 27. Qxb4 Qa7
28. h4 h5 29. Rb2 g6 30. Rc4 b5 31. axb5 cxb5 32. Rxc8 Rxc8 33. d5 exd5 34.
Bxd5 Nc6 35. Qd6 Ne7 36. Rxb5 Nxd5 37. Qxd5 Rc2 38. Qd8+ Kh7 39. Qf6 Rc1+ 40.
Kh2 Rc2 41. Kg2 Qa8+ 42. Qf3 Qxf3+ 43. Kxf3 Kg7 44. Rd5 Kf8 45. Rd7 Rc4 46. Ke3
Ke8 47. Ra7 Rb4 48. f3 Rb1 49. Kf4 Re1 50. Ra5 Kf8 51. Ra3 Kg7 52. Re3 Rg1 53.
Re2 Rf1 54. Re3 Rg1 55. Ra3 Re1 56. Ra7 Kf8 57. g4 hxg4 58. fxg4 Kg7 59. Ra3
Kh6 60. Ra7 Kg7 61. Rb7 Re2 62. h5 gxh5 63. gxh5 Re1 64. Rb4 Ra1 65. Kf5 Ra6
66. Rg4+ Kh7 67. Rd4 Ra1 68. Rf4 Ra6 69. Rd4 Ra1 70. Rd7 Kg8 71. Kg5 Re1 72.
Rd5 Kg7 73. h6+ Kh7 74. Ra5 1/2-1/2

[Event "BL 0809 SV Mülheim Nord - Hamburger SK"]
[Site "?"]
[Date "2008.12.13"]
[Round "8"]
[White "Wojtaszek, Radoslav"]
[Black "Landa, Konstantin"]
[Result "1/2-1/2"]
[WhiteElo "2599"]
[BlackElo "2613"]
[PlyCount "55"]
[EventDate "2008.??.??"]

1. d4 Nf6 2. c4 e6 3. Nf3 d5 4. g3 dxc4 5. Bg2 Nc6 6. Qa4 Bb4+ 7. Bd2 Bd6 8.
O-O O-O 9. Qxc4 e5 10. Nc3 exd4 11. Nxd4 Nxd4 12. Qxd4 Bxg3 13. Qxd8 Rxd8 14.
hxg3 Rxd2 15. Rfd1 Rd7 16. b4 Kf8 17. b5 Rb8 18. e4 a6 19. a4 axb5 20. axb5
Rxd1+ 21. Rxd1 Be6 22. f4 g6 23. f5 gxf5 24. exf5 Bb3 25. Rb1 Bc2 26. Rc1 Bd3
27. Rd1 Bc2 28. Rc1 1/2-1/2

[Event "BL 0809 SV Mülheim Nord - Hamburger SK"]
[Site "?"]
[Date "2008.12.13"]
[Round "8"]
[White "Fridman, Daniel"]
[Black "Ftacnik, Lubomir"]
[Result "1/2-1/2"]
[WhiteElo "2630"]
[BlackElo "2571"]
[PlyCount "41"]
[EventDate "2008.??.??"]

1. d4 Nf6 2. c4 g6 3. Nc3 d5 4. cxd5 Nxd5 5. Bd2 Bg7 6. Nf3 O-O 7. Rc1 Nc6 8.
e4 Nxc3 9. Bxc3 Bg4 10. d5 Ne5 11. Be2 Nxf3+ 12. Bxf3 Bxc3+ 13. Rxc3 Bxf3 14.
Qxf3 e6 15. dxe6 fxe6 16. Qe2 Qd7 17. O-O Rad8 18. Rcc1 c6 19. Rfd1 Qe7 20. g3
Rxd1+ 21. Rxd1 1/2-1/2

[Event "BL 0809 SV Mülheim Nord - Hamburger SK"]
[Site "?"]
[Date "2008.12.13"]
[Round "8"]
[White "Hansen, Sune Berg"]
[Black "Malakhatko, Vadim"]
[Result "1/2-1/2"]
[WhiteElo "2543"]
[BlackElo "2633"]
[PlyCount "85"]
[EventDate "2008.??.??"]

1. e4 e6 2. d3 d5 3. Nd2 Nc6 4. c3 Nf6 5. Ngf3 e5 6. Be2 Be7 7. O-O O-O 8. b4
a6 9. a3 Re8 10. Re1 Bf8 11. Bf1 h6 12. Bb2 Bg4 13. h3 Bh5 14. Qc2 dxe4 15.
dxe4 Nd7 16. Nh2 Nb6 17. Nc4 Nxc4 18. Bxc4 Qf6 19. Nf1 Nd8 20. Ng3 Bg6 21. Rad1
Ne6 22. Bc1 Rad8 23. Kh2 Nf4 24. Bf1 h5 25. Rxd8 Rxd8 26. Nf5 h4 27. Ne3 Bh5
28. g3 hxg3+ 29. fxg3 Ne6 30. Bg2 Qe7 31. h4 Qd7 32. Bf1 c6 33. Qf2 Bg6 34. Qf3
b5 35. Nf5 a5 36. Qg4 axb4 37. axb4 Kh8 38. Be3 Bh7 39. Qf3 Ra8 40. Rd1 Qc7 41.
Qf2 Qb7 42. h5 Kg8 43. Bh3 1/2-1/2

[Event "BL 0809 SV Mülheim Nord - Hamburger SK"]
[Site "?"]
[Date "2008.12.13"]
[Round "8"]
[White "Levin, Felix"]
[Black "Müller, Karsten"]
[Result "0-1"]
[WhiteElo "2536"]
[BlackElo "2517"]
[PlyCount "63"]
[EventDate "2008.??.??"]

1. d4 Nf6 2. Nf3 c5 3. e3 g6 4. dxc5 Qa5+ 5. c3 Qxc5 6. b4 Qc7 7. Bb2 Nc6 8. a3
Bg7 9. c4 O-O 10. Nc3 b6 11. Qc2 Bb7 12. Nd5 Nxd5 13. cxd5 Bxb2 14. Qxb2 Nd8
15. Rc1 Qd6 16. Bc4 f6 17. O-O Nf7 18. Nd4 Ne5 19. e4 f5 20. Nb5 Qf6 21. Qe2
fxe4 22. Qxe4 Nxc4 23. Rxc4 e6 24. Nc7 Rac8 25. Qc2 exd5 26. Nxd5 Qf7 27. Rxc8
Rxc8 28. Nc3 Qc4 29. Rc1 Qg4 30. f3 Bxf3 31. Qd2 Bb7 32. Rc2 0-1